Derrick Liu

Johns Hopkins B


Categories

Literature - British Literature010010148148.0000
Science - Other Science010010106106.0000
Mythology01105104104.0001
Science - Biology011056464.0000
Literature - European Literature000000.0000
Science - Physics0010-50.0000
History - Other History0010-50.0000
History - World History0010-50.0000
Pop Culture0010-50.0000
Fine Arts - Auditory Fine Arts0010-50.0000

Buzzes

Science - Biologyears-518
Mythologyfountains-539
Science - Biologyphosphorylation1064
History - World HistoryNicaragua-576
Pop Culturebugs-577
Science - Physicscurvature-593
Mythologyserpent10104
Science - Other Sciencetemperature10106
History - Other HistorySardinia-5110
Fine Arts - Auditory Fine Artsoratorios-5111